En la pampa
Guardat en:
| Autor principal: | |
|---|---|
| Format: | Llibre |
| Idioma: | espanyol |
| Publicat: |
Buenos Aires
EMECE
1955
|
| Matèries: | |
| Etiquetes: |
Afegir etiqueta
Sense etiquetes, Sigues el primer a etiquetar aquest registre!
|
MARC
| LEADER | 00000nam a2200000 a 4500 | ||
|---|---|---|---|
| 001 | UCY9741 | ||
| 003 | CL-VaPUC | ||
| 008 | 950720e19550000AG |||||||||||||||||spa|d | ||
| 082 | 0 | 4 | |a Ar863 |b LAR |2 21 |
| 100 | |a Larreta, Enrique |e author |9 342283 | ||
| 245 | 1 | 0 | |a En la pampa |
| 300 | |a 225 p | ||
| 942 | |c BK | ||
| 945 | |d 19950720 00:00:00 |a rbrito | ||
| 260 | |a Buenos Aires |b EMECE |c 1955 | ||
| 650 | 0 | |a Novelas argentinas |9 267871 | |
| 583 | |a last modification |c 19950720 00:00:00 |k Rodrigo Vera | ||
| 999 | |c 236781 |d 236779 | ||
| 952 | |0 0 |1 0 |4 0 |6 AR_863_000000000000000_LAR_1955 |7 0 |8 A |9 245111 |a BIBEDU |b BIBEDU |d 2019-11-18 |i 3109305 |o Ar863 LAR 1955 |p 3109305 |r 2019-11-18 |w 2019-11-18 |y BK |k LIT | ||